000 00739cam a22002177a 4500
999 _c17042
_d17042
001 12338066
003 AUA.1
005 20191205153350.0
008 161108b xxu||||| |||| 00| 0 eng d
020 _a9780983259206
040 _aDLC
_cDLC
050 0 0 _aBV 680
_b.W45 2011
100 1 _aWhite, Vincent E.
245 1 0 _aThe twenty-first century deacon and deaconess :
_b reflecting the biblical model /
_cVincent E. White, Sr.
260 _aHuntsville, :
_bAVA's Book Publishers,
_c2011.
300 _a[xiii], 226 p. ;
_c21 cm.
504 _aincludes bibliography and reference
906 _a7
_bcbc
_corignew
_d4
_encip
_f20
_gy-gencatlg
942 _2lcc
_cDWBSLC
_hBV 680
_i.W45 2011